[Event "Titled Tuesday intern op 04th Feb Early"]
[Site "Chess.com INT"]
[Date "2025.02.04"]
[Round "10"]
[White "Suvradeepta, Das"]
[Black "Bashirli, Saadat"]
[Result "0-1"]
[WhiteElo "2324"]
[BlackElo "1951"]
[PlyCount "110"]
[EventDate "2025.02.04"]
[EventType "swiss (blitz)"]
[EventRounds "11"]
[EventCountry "USA"]
[SourceTitle "CB07_2025"]
[SourceDate "2025.02.12"]
[SourceVersion "1"]
[SourceVersionDate "2025.02.12"]
[SourceQuality "1"]

1. Nf3 d5 2. g3 Nf6 3. Bg2 c6 4. 0-0 Bg4 5. h3 Bh5 6. Kh2 Bg6 7. c4 e6 8. b3 h6 9. Bb2 Bd6 10. Nc3 0-0 11. d3 Nbd7 12. Re1 e5 13. cxd5 cxd5 14. Nb5 Bb8 15. Ba3 Re8 16. Nd6 Bxd6 17. Bxd6 e4 18. Nh4 Bh7 19. Bf4 g5 20. Rg1 gxf4 21. gxf4 Kh8 22. dxe4 dxe4 23. Qd4 Nb6 24. Qb2 Nbd5 25. Rad1 Re6 26. Bf1 Qc7 27. e3 Nxf4 28. Rg3 N4h5 29. Bc4 Nxg3 30. fxg3 Rd6 31. Rf1 Kg7 32. Kh1 Rad8 33. Qe5 Re8 34. Qf4 Bg6 35. g4 Rc6 36. Qf2 Qe5 37. Ng2 h5 38. Nf4 hxg4 39. Rg1 gxh3 40. Bxf7 Kxf7 41. Nxg6 Qh5 42. Nh4 Rg8 43. Rf1 Qg5 44. Qd2 Rc7 45. Qf2 Re7 46. Qe1 Qe5 47. Rf5 Qe6 48. Qe2 Qd6 49. Qh5+ Kf8 50. Qh6+ Ke8 51. Rf1 Qg3 52. Qh5+ Nxh5 53. Rf8+ Kxf8 54. Ng6+ Rxg6 55. b4 Qg2# 0-1

[Event "Titled Tuesday intern op 04th Feb Early"]
[Site "Chess.com INT"]
[Date "2025.02.04"]
[Round "6"]
[White "Suvradeepta, Das"]
[Black "Parfenov, Viktor N"]
[Result "1/2-1/2"]
[WhiteElo "2324"]
[BlackElo "2193"]
[PlyCount "30"]
[EventDate "2025.02.04"]
[EventType "swiss (blitz)"]
[EventRounds "11"]
[EventCountry "USA"]
[SourceTitle "CB07_2025"]
[SourceDate "2025.02.12"]
[SourceVersion "1"]
[SourceVersionDate "2025.02.12"]
[SourceQuality "1"]

1. d4 d5 2. Nf3 Nf6 3. g3 e6 4. Bg2 Be7 5. 0-0 0-0 6. c4 dxc4 7. Qc2 a6 8. a4 Bd7 9. Qxc4 Bc6 10. Rd1 b5 11. Qc2 Be4 12. Qb3 Bd5 13. Qc2 Be4 14. Qb3 Bd5 15. Qc2 Be4 1/2-1/2

[Event "Titled Tuesday intern op 14th Jan Early"]
[Site "Chess.com INT"]
[Date "2025.01.14"]
[Round "1"]
[White "Oye Stromberg, Alexander"]
[Black "Suvradeepta, Das"]
[Result "1-0"]
[WhiteElo "2313"]
[BlackElo "2324"]
[PlyCount "53"]
[EventDate "2025.01.14"]
[EventType "swiss (blitz)"]
[EventRounds "11"]
[EventCountry "USA"]
[SourceTitle "CB04_2025"]
[SourceDate "2025.01.22"]
[SourceVersion "1"]
[SourceVersionDate "2025.01.22"]
[SourceQuality "1"]

1. e4 g6 2. d4 Bg7 3. Nf3 c6 4. Bd3 d6 5. 0-0 Nf6 6. Re1 0-0 7. h3 Nbd7 8. e5 Nd5 9. e6 fxe6 10. Ng5 Nc7 11. Nxh7 Kxh7 12. Qh5+ Kg8 13. Qxg6 Nf6 14. Bh6 Rf7 15. Re3 Kf8 16. Rg3 Bxh6 17. Qxh6+ Ke8 18. Bg6 e5 19. dxe5 dxe5 20. Qh8+ Kd7 21. Qxd8+ Kxd8 22. Bxf7 Bf5 23. Nc3 e6 24. Bg6 Ke7 25. Bxf5 exf5 26. Rg7+ Ke6 27. Rxc7 1-0

[Event "Titled Tuesday intern op 24th Sep Early"]
[Site "Chess.com INT"]
[Date "2024.09.24"]
[Round "6"]
[White "Glek, Igor Vladimirovich"]
[Black "Suvradeepta, Das"]
[Result "1-0"]
[WhiteElo "2402"]
[BlackElo "2304"]
[PlyCount "103"]
[EventDate "2024.09.24"]
[EventType "swiss (blitz)"]
[EventRounds "11"]
[EventCountry "USA"]
[SourceTitle "EXT 2025"]
[Source "ChessBase"]
[SourceDate "2024.10.14"]
[SourceVersion "1"]
[SourceVersionDate "2024.10.14"]
[SourceQuality "1"]

1. b3 Nf6 2. Bb2 d5 3. g3 c5 4. Bg2 Nc6 5. Nf3 e6 6. 0-0 Be7 7. d4 0-0 8. Nbd2 b6 9. c4 Bb7 10. cxd5 Nxd5 11. dxc5 Bxc5 12. a3 Be7 13. e4 Nc7 14. Re1 Na6 15. b4 Nc7 16. Rc1 Rc8 17. Ne5 Nxe5 18. Bxe5 Nb5 19. Nc4 Bf6 20. Bxf6 gxf6 21. Qg4+ Kh8 22. Red1 Qc7 23. Qh4 Kg7 24. a4 Na3 25. Nxa3 Qxc1 26. Rxc1 Rxc1+ 27. Bf1 Rd8 28. Kg2 Rd4 29. Qg4+ Kf8 30. Qf4 Bxe4+ 31. f3 Rxf1 32. Qb8+ Kg7 33. Kxf1 Bxf3 34. Qxa7 Rxb4 35. Nb5 Rb1+ 36. Kf2 Rb3 37. Nd6 Bg4 38. Qxf7+ Kh6 39. Qxf6+ Kh5 40. h4 Rf3+ 41. Qxf3 Bxf3 42. Kxf3 h6 43. Nc4 Kg6 44. Nxb6 Kf5 45. a5 h5 46. a6 e5 47. a7 e4+ 48. Ke3 Kg4 49. a8Q Kxg3 50. Qxe4 Kh3 51. Kf2 Kh2 52. Qg2# 1-0

[Event "Titled Tuesday intern op 24th Sep Early"]
[Site "Chess.com INT"]
[Date "2024.09.24"]
[Round "5"]
[White "Suvradeepta, Das"]
[Black "Manukian, Artak"]
[Result "0-1"]
[WhiteElo "2304"]
[BlackElo "2104"]
[PlyCount "90"]
[EventDate "2024.09.24"]
[EventType "swiss (blitz)"]
[EventRounds "11"]
[EventCountry "USA"]
[SourceTitle "EXT 2025"]
[Source "ChessBase"]
[SourceDate "2024.10.14"]
[SourceVersion "1"]
[SourceVersionDate "2024.10.14"]
[SourceQuality "1"]

1. Nf3 c6 2. e3 d5 3. c4 Bg4 4. cxd5 cxd5 5. Nc3 Nc6 6. Qb3 Bxf3 7. gxf3 Rb8 8. Qxd5 Qc7 9. d4 Nf6 10. Qb3 e6 11. Bd2 Be7 12. Rc1 0-0 13. f4 b5 14. Nxb5 Qb7 15. Rg1 Ne4 16. Bc4 Nxd2 17. Kxd2 Na5 18. Qc3 Nxc4+ 19. Qxc4 Qxb5 20. Qxb5 Rxb5 21. b3 g6 22. Rc7 Bb4+ 23. Kd3 a5 24. Rgc1 Rh5 25. Ra1 Rxh2 26. a3 Bd6 27. Rd7 Bb8 28. Ke2 Rc8 29. Rb7 Rh5 30. Ra2 Rd5 31. Kd3 h5 32. f3 Kg7 33. e4 Rdd8 34. Ke3 Rc7 35. Rb5 Ba7 36. Rd2 Rcd7 37. Rxa5 Bxd4+ 38. Ke2 h4 39. Rb5 h3 40. Kf1 Be3 41. Rxd7 Rxd7 42. a4 Rd1+ 43. Ke2 h2 44. Kxd1 h1Q+ 45. Ke2 Bxf4 0-1

[Event "Titled Tuesday intern op 24th Sep Early"]
[Site "Chess.com INT"]
[Date "2024.09.24"]
[Round "2"]
[White "Suvradeepta, Das"]
[Black "Padmini, Rout"]
[Result "0-1"]
[WhiteElo "2304"]
[BlackElo "2328"]
[PlyCount "58"]
[EventDate "2024.09.24"]
[EventType "swiss (blitz)"]
[EventRounds "11"]
[EventCountry "USA"]
[SourceTitle "EXT 2025"]
[Source "ChessBase"]
[SourceDate "2024.10.14"]
[SourceVersion "1"]
[SourceVersionDate "2024.10.14"]
[SourceQuality "1"]

1. Nf3 Nf6 2. c4 g6 3. b3 Bg7 4. Bb2 0-0 5. e3 d6 6. Be2 e5 7. 0-0 e4 8. Ne1 Re8 9. f4 d5 10. cxd5 Nxd5 11. Bxg7 Kxg7 12. Nc2 c5 13. Nc3 Nxc3 14. dxc3 Nc6 15. Qxd8 Rxd8 16. Rfd1 Be6 17. Na3 Ne7 18. Kf2 h5 19. h3 h4 20. Bc4 Bxc4 21. bxc4 b6 22. Nb5 Nc6 23. Nc7 Rac8 24. Nd5 Na5 25. Ne7 Rxd1 26. Rxd1 Rc7 27. Nd5 Rd7 28. f5 gxf5 29. Ke2 Nxc4 0-1

[Event "Titled Tuesday intern op 17th Sep Late"]
[Site "Chess,com INT"]
[Date "2024.09.17"]
[Round "7"]
[White "Suvradeepta, Das"]
[Black "Douissa, Oussama"]
[Result "0-1"]
[WhiteElo "2304"]
[BlackElo "2255"]
[PlyCount "72"]
[EventDate "2024.09.17"]
[EventType "swiss (blitz)"]
[EventRounds "11"]
[EventCountry "USA"]
[SourceTitle "EXT 2025"]
[Source "ChessBase"]
[SourceDate "2024.10.14"]
[SourceVersion "1"]
[SourceVersionDate "2024.10.14"]
[SourceQuality "1"]

1. d4 Nf6 2. Nf3 g6 3. c4 Bg7 4. Nc3 0-0 5. e4 d6 6. Be2 e5 7. d5 a5 8. 0-0 Na6 9. Re1 Nc5 10. b3 Nfxe4 11. Nxe4 Nxe4 12. Bb2 f5 13. a3 h6 14. b4 Bd7 15. Bd3 Nf6 16. Bc2 g5 17. Qb1 e4 18. Nd4 Qe7 19. b5 b6 20. f3 Rae8 21. Ra2 g4 22. Qd1 gxf3 23. gxf3 Qf7 24. Kh1 exf3 25. Ne6 Bxe6 26. dxe6 Rxe6 27. Bxf5 Rxe1+ 28. Qxe1 Re8 29. Qf1 Ne4 30. Bxg7 Qxf5 31. Bxh6 f2 32. Qg2+ Ng5 33. Rxf2 Re1+ 34. Qg1 Qe4+ 35. Rg2 Rxg1+ 36. Kxg1 Qe1# 0-1

[Event "Titled Tuesday intern op 17th Sep Late"]
[Site "Chess,com INT"]
[Date "2024.09.17"]
[Round "3"]
[White "Suvradeepta, Das"]
[Black "Dumanuly, Sultanbeibarys"]
[Result "0-1"]
[WhiteElo "2304"]
[BlackElo "2081"]
[PlyCount "70"]
[EventDate "2024.09.17"]
[EventType "swiss (blitz)"]
[EventRounds "11"]
[EventCountry "USA"]
[SourceTitle "EXT 2025"]
[Source "ChessBase"]
[SourceDate "2024.10.14"]
[SourceVersion "1"]
[SourceVersionDate "2024.10.14"]
[SourceQuality "1"]

1. Nf3 Nf6 2. e3 d5 3. d4 Bf5 4. Bd3 e6 5. Bxf5 exf5 6. 0-0 c6 7. c4 Bd6 8. Qb3 Qb6 9. c5 Qxb3 10. axb3 Bc7 11. b4 a6 12. Nc3 Ne4 13. Nd2 Nxc3 14. bxc3 Nd7 15. c4 dxc4 16. Nxc4 0-0 17. Bd2 Nf6 18. Na5 Rab8 19. Rfe1 Rfd8 20. g3 g5 21. f3 h6 22. Kf2 Kg7 23. Bc3 Kg6 24. Rad1 h5 25. Ke2 Rh8 26. Kd3 h4 27. Rg1 hxg3 28. hxg3 Rh3 29. Be1 Nh5 30. g4 fxg4 31. fxg4 Nf4+ 32. Kd2 Rh2+ 33. Bf2 Rxf2+ 34. Ke1 Re2+ 35. Kf1 Rxe3 0-1